LEADER 00569nam a2200169 i 4500 001 000000253770 003 CaOOAMICUS 005 20170413000000.0 008 170413s1847 it u000 u ita u 013 $a232675 040 $aSeMil$bita 245 10$aTomo 4. 300 $a240, XXXIV p. 773 0 $aColletta, Pietro <1775-1831>$tStoria del Reame di Napoli.$d[Losanna] : A spese dell'editore, 1847.$g4$w()5358 850 $aSeMil 852 $aSeMil$W1$xVenegono$y1$m3T I 110 FA$j204116$B204116$CSeMilBibl$Z2$F217540 $8I 996 $6245$aTomo 4$9(OLS)http://semarc/title/136909 LEADER 00971nam a2200253 i 4500 001 000000061615 003 CaOOAMICUS 005 20130208000000.0 008 130208s1945 it u000 u ita u 013 $a32787 040 $aSeMil$bita 100 1 $aGiordani, Igino,$d <1894-1980>.$0(OLS)http://semarc/name/799 245 10$aCrisi protestante e unità della Chiesa /$cIgino Giordani. 250 $aTerza edizione riveduta e aumentata. 260 $aBrescia :$bMorcelliana,$c1945. 300 $a367 p. ;$c20 cm. 490 0 $aFides ;$v3 500 $aContiene : Bibliografia. 650 4$aProtestantesimo.$0(OLS)http://semarc/subject/936 830 0$aFides ;$v3.$0(OLS)http://semarc/title/6682 850 $aSeMil 852 $aSeMil$W1$xVenegono$y1$m2L I 80$j27768$B27768$CSeMilBibl$Z2$F27771 $81 996 $6245$aCrisi protestante e unità della Chiesa$9(OLS)http://semarc/title/96857 996 $6260$aBrescia :$bMorcelliana$9(OLS)http://semarc/publisher/29629 LEADER 01006nam a2200253 4500 001 000000366066 003 CaOOAMICUS 005 20260220100908.0 008 260119s2024 it 000 u ita r 020 $a978-88-290-2658-6 040 $aSeMil$bita 100 1 $aNacci, Michela.$0(OLS)http://semarc/name/52465 245 10$aSimone Weil /$cMichela Nacci. 264 1$aRoma :$bCarocci,$c2024. 300 $a106 p. ;$c18 cm 490 1 $aBiblioteca di testi e studi ;$v1652 650 4$aWeil, Simone <1909-1943> - Filosofia politica.$0(OLS)http://semarc/subject/59360 830 0$aBiblioteca di testi e studi ;$v1652.$0(OLS)http://semarc/title/16195 850 $aSeMil 852 $aSeMil$W1$xVenegono$y1$m3N I 811$j266207$B256837$CSeMilBibl$Z2$F256837 $81 996 $6020$a978-88-290-2658-6$9(OLS)http://semarc/number/305097 996 $6245$aSimone Weil$9(OLS)http://semarc/title/190431 996 $6264$aRoma :$bCarocci$9(OLS)http://semarc/publisher/31977